Top 20 MLB Position Players (2010, 2015, 2020, 2025) - Statistics

General Stats
  • This quiz has been taken 21 times
  • The average score is 30 of 80
Answer Stats
Hint Answer % Correct
LAA, LAD* Shohei Ohtani
84%
NYY* Aaron Judge
79%
CIN* Joey Votto
79%
CIN* Joey Votto
79%
SEA* Julio Rodriguez
79%
FLA, DET* Miguel Cabrera
79%
STL*, LAA, LAD, STL Albert Pujols
74%
WSH*, SD, NYY, NYM Juan Soto
74%
WSH*, SD, NYY, NYM Juan Soto
74%
WSH*, PHI Bryce Harper
68%
WSH, PHI* Bryce Harper
68%
ATL*, LAD Freddie Freeman
68%
CLE* Jose Ramirez
68%
CLE* Jose Ramirez
68%
BOS, LAD* Mookie Betts
68%
SEA* Cal Raleigh
63%
CIN* Elly De La Cruz
63%
SD* Fernando Tatis
63%
SD* Fernando Tatis Jr.
63%
LAA* Mike Trout
63%
LAA* Mike Trout
63%
LAD*, TEX Corey Seager
58%
LAD, TEX* Corey Seager
58%
BAL* Gunnar Henderson
58%
WSH*, LAD, PHI Trea Turner
58%
WSH*, LAD, PHI Trea Turner
58%
BAL*, LAD, SDP Manny Machado
47%
BAL, LAD, SDP* Manny Machado
47%
HOU* Yordan Alvarez
47%
CLE, NYM* Francisco Lindor
42%
BAL, TB, KC, PIT, TOR*, ATL, NYM, PHI Jose Bautista
42%
BAL, TB, KC, PIT, TOR*, ATL, NYM, PHI Jose Bautista
42%
OAK, TOR*, CLE, ATL, MIN, NYY, MIL Josh Donaldson
42%
MIL, TEX, BAL, SEA*, MIN, TB, WSH, SDP Nelson Cruz
42%
MIL, TEX, BAL, SEA, MIN*, TB, WSH, SDP Nelson Cruz
42%
MIL, DET, TEX* Prince Fielder
42%
MIL* Ryan Braun
42%
KC* Salvador Perez
42%
LAD, SEA, BOS*, TEX Adrian Beltre
37%
SDP, CHC*, NYY Anthony Rizzo
37%
KC* Bobby Witt
37%
ARI*, STL, NYY Paul Goldschmidt
37%
TEX, SD*, BOS, LAD, NYM Adrian Gonzalez
32%
PIT*, SF, NYY, PHI, MIL, PIT, TEX Andrew McCutchen
32%
OAK, COL*, CLE, CHC Carlos Gonzalez
32%
CWS*, HOU Jose Abreu
32%
CWS*, HOU Jose Abreu
32%
CIN, TEX*, LAA Josh Hamilton
32%
COL*, STL, ARI Nolan Arenado
32%
NYM* David Wright
26%
TB*, SF, ARI Evan Longoria
26%
HOU, DET*, ARI, BOS, LAD, NYM J.D. Martinez
26%
SEA, ARI* Ketel Marte
26%
HOU, CHC*, LAD Kyle Tucker
26%
TEX, ATL, LAA, NYY* Mark Teixeira
26%
TEX, BAL* Chris Davis
21%
CIN, TOR*, CLE, SEA, NYY, CWS Edwin Encarnacion
21%
MIA, STL, ATL*, PIT Marcell Ozuna
21%
COL, OAK, STL*, NYY, COL Matt Holliday
21%
NYY*, SEA, NYM, SD, ATL Robinson Cano
21%
TB*, BOS, LAD, Carl Crawford
11%
CHC, COL, NYY* D.J. LeMahieu
11%
BAL* Adley Rutschman
5%
TB, HOU, BAL, DET, SF* Aubrey Huff
5%
SF*, TOR Brandon Belt
5%
FLA*, ATL, SF, WSH Dan Uggla
5%
STL, NYY*, SD, WSH, MIL Luke Voit
5%
LAD, CIN, CWS* Paul Konerko
5%
OAK, BOS, (DET*, NYM*) Yoenis Cespedes
5%
ARI*, LAD, CWS, SEA, SF A.J. Pollock
0%
NYM*, WSH, BOS, CIN, SF, ATL Dominic Smith
0%
KC*, SD, BOS, CHC Eric Hosmer
0%
ATL*, LAD Fred Freeman
0%
TOR, LAD, PHI*, WSH Jayson Werth
0%
STL*, NYY, SDP Matt Carpenter
0%
SF*, KC, ATL M. Yastrzemski
0%
MIL*, SEA, ARI, TB Rickie Weeks
0%
ATL* Ronald Acuna
0%
ATL, MIL* William Contreras
0%
TB, SD*, CIN Wil Myers
0%
No matching quizzes found
Score Distribution
Percent of People with Each Score
Percentile by Number Answered
Your Score History
You have not taken this quiz